US Cities by Population Density - Statistics

General Stats
  • This quiz has been taken 49 times
  • The average score is 13 of 20
Answer Stats
State/Territory Density City % Correct
NY 29,302 New York City
100%
MA 13,977 Boston
96%
FL 12,284 Miami
96%
IL 12,059 Chicago
94%
PA 11,936 Philadelphia
94%
CA 18,630 San Francisco
94%
DC 11,280 Washington
91%
NJ 12,903 Newark
83%
NJ 19,835 Jersey City
79%
PR 10,690 San Juan
74%
MA 18,512 Cambridge
70%
VA 10,681 Alexandria
57%
NY 11,749 Yonkers
55%
NJ 11,145 Elizabeth
51%
NJ 18,986 Paterson
51%
CA 11,919 Berkeley
30%
CA 11,347 Santa Ana
28%
CA 13,730 Daly City
23%
CA 11,881 Inglewood
13%
CA 11,448 El Monte
6%
No matching quizzes found
Score Distribution
Percent of People with Each Score
Percentile by Number Answered
Your Score History
You have not taken this quiz